000 00224nam a22001097a 4500
040 _cHS
082 _a611
100 _aJUAN V. PANCHO
245 _aAQUATIC V. PANCHO
260 _aIndonesia
_bJUAN V. PANCHO
_c1978
942 _cEK
999 _c8755
_d8755